000 00549nam a22001937a 4500
003 CUTN
005 20250730124727.0
008 250730b |||||||| |||| 00| 0 eng d
020 _a9789380179186
041 _aEnglish
082 _223
_a635
_bSIM
100 _aSimson, Sharon Pastor
245 _aBasics of Horticulture /
_cSharon Pastor Simson and Martha C. Straus
260 _aJaipur :
_bOxford Book Company,
_c2021.
300 _avii, 312 p. ;
_bill. :
_c22 cm.
650 _aHorticulture
700 _aStraus Martha C
942 _2ddc
_cBOOKS
999 _c44928
_d44928